zpět

Detail výsledku týmu

D9vítka, Šumperk

Datum a čas kvízu

31.5 Celkem bodů Celkový počet nahraných bodů na tomto kvízu bez doplňovacích otázek.
4. Pořadí na kvízu Konečné umístění týmu na tomto kvízu.

Zaznamenané odpovědi

# Otázka Odpověď Body Výsledky
1. Který český politik zveřejnil... Vít Rakušan 0
2. Švédské království ve čtvrtek... 32. členem 0
3. Frontman jedné úspěšné britské... Dakota Johnson, Chris Martin 0
4. Od středy minulého týdne je za... HHC 1
5. Do kterého týmu minulý týden v... Vegas Golden Knights 1
6. Začneme prvním českým králem p... Rudolf (I. Habsburský) 0
7. Další „slavnou“ prohrou, která... stoletá válka 1
8. V bitvě u Lipan, kterou řadí m... Jan Roháč (z Dubé) 0
9. Bitva na Bílé hoře zpečetila o... listopad 1620 0.5
10. Mnichovská dohoda je typickým... appeasement 1